Endocranial bony changes probably related to tuberculous meningitis - examples cases from the Robert J. Terry anatomical Skeletal collection (Washington D.C., USA)

Elmentve itt :
Bibliográfiai részletek
Szerzők: Spekker Olga
Paja László
Váradi Orsolya Anna
Molnár Erika
Pálfi György
Dokumentumtípus: Könyv része
Megjelent: Mega Publishing House Cluj-Napoca 2018
Sorozat:The Talking Dead 2: Past and Present of Biological Anthropolgy: The Heritage of Török Aurél's Oeuvre: New results from ancient tuberculosis and leprosy research
mtmt:30659694
Online Access:http://publicatio.bibl.u-szeged.hu/15691
LEADER 01063naa a2200241 i 4500
001 publ15691
005 20190606100907.0
008 190606s2018 hu o 0|| angol d
020 |a 9786060200567 
024 7 |a 30659694  |2 mtmt 
040 |a SZTE Publicatio Repozitórium  |b hun 
041 |a angol 
100 1 |a Spekker Olga 
245 1 0 |a Endocranial bony changes probably related to tuberculous meningitis - examples cases from the Robert J. Terry anatomical Skeletal collection (Washington D.C., USA)  |h [elektronikus dokumentum] /  |c  Spekker Olga 
260 |a Mega Publishing House  |b Cluj-Napoca  |c 2018 
300 |a 10 
300 |a 81-90 
490 0 |a The Talking Dead 2: Past and Present of Biological Anthropolgy: The Heritage of Török Aurél's Oeuvre: New results from ancient tuberculosis and leprosy research 
700 0 1 |a Paja László  |e aut 
700 0 1 |a Váradi Orsolya Anna  |e aut 
700 0 1 |a Molnár Erika  |e aut 
700 0 1 |a Pálfi György  |e aut 
856 4 0 |u http://publicatio.bibl.u-szeged.hu/15691/1/Spekker_et_al_2018_Terry_TAEE_02.pdf  |z Dokumentum-elérés